Gaming Quiz

Random Gaming Quiz

Red Versus Blue Characters Quiz Stats

 Plays Quiz not verified by Sporcle

Challenge
Share
Tweet
Embed
Score 0/46 Timer 15:00
0 Plays Today
Hint Character % Correct
Red Team - Lazy AssGrif
95.4%
Blue Team - Team Killing ****Caboose
95.4%
Freelancer - Actually DeadTex
95.4%
Red Team - Kiss AssSimmons
93.8%
Red Team - LeaderSarge
90.8%
Blue Team - Death Counts Pushing ThreeChurch
90.8%
Freelancer - Worst Throw of All TimeWashington
90.8%
Red Team - Lightish-RedDonut
89.2%
Blue Team - Bow Chicka Bow BowTucker
87.7%
Freelancer - Number 1Carolina
84.6%
A.I - Rage/AngerOmega
84.6%
Freelancer - Shot in neck 9 timesMaine
83.1%
A.I - LogicDelta
83.1%
Neutral - PURPLEDoc
81.5%
Freelancer - ANGRY Twin SisterSouth Dakota
81.5%
Freelancer - Kind Twin BrotherNorth Dakota
80%
Chorus War - BetrayerFelix
75.4%
Inactive - Color BlindSister
75.4%
Chorus War - Invisible DreadLocus
70.8%
Freelancer - Lost an eyeNew York
70.8%
A.I - TrustTheta
70.8%
Inactive - Alien BabyJunior
69.2%
Inactive - Car that plays MariachiWarthog
67.7%
Hint Character % Correct
A.I - Creativity/AmbitionSigma
67.7%
A.I - DeceitGamma
66.2%
Freelancer - Misses dead wifeDirector
63.1%
Freelancer - BetrayerC.T.
63.1%
Chorus War - Tank?Sheila
60%
Unaffiliated - Wife of ChurchAllison
60%
Chorus War - Leader of New RepublicKimball
58.5%
A.I - HappinessIota
56.9%
Freelancer - HandlebarWyoming
55.4%
Freelancer - CappyFlorida
55.4%
A.I - FearEta
55.4%
Chorus War - Leader of FederationDoyle
53.8%
Chorus War - Alien A.ISanta
53.8%
Blue Team - RobotFreckles
52.3%
Chorus War - 2nd in Command Project FreelancerCounselor
46.2%
Red Team - El RobotoLopez the Heavy
40%
Chorus War - FIRE!!!Sharkface
40%
Chorus War - Crazy DoctorEmily Grey
36.9%
Freelancer - PilotFour Seven Niner
32.3%
Unaffiliated - PredatorAlien
30.8%
Unaffiliated - Can't finishAndy
29.2%
Inactive - El Roboto JrDos.0
23.1%
Freelancer - NeutralVic
23.1%

You're not logged in!

Compare scores with friends on all Sporcle quizzes.
OR
Log In

You Might Also Like...

Show Comments

Extras

Created Nov 6, 2016ReportNominate
Tags:Rooster Teeth

Top Quizzes Today


Score Distribution

Your Account Isn't Verified!

In order to create a playlist on Sporcle, you need to verify the email address you used during registration. Go to your Sporcle Settings to finish the process.

Report this User

Report this user for behavior that violates our Community Guidelines.

Details: